01308nam a2200313 a 450000100060000000300080000600500170001400800410003102000160007202000160008803500190010404000230012304100080014608200290015410000290018324500740021225000120028626000340029830000340033250000200036652002150038665000450060165000240064665000210067094200120069199900170070395201380072095201360085861284BD-RjUL20211209080937.0170116s1986 nyua j 001 0 eng d a0668059397  a0668059419  a(BD-RjUL)61408 aDLCcDLCdDLCbeng aeng00a591.4078223 bBEH 1986 1 aBerman, William.918278010aHow to dissect :bexploring with probe and scalpel /cWilliam Berman. a4th ed. aNew York :bArco Pub.,c1986  axii, 223 p. :bill. ;c24 cm. aIncludes index. aA guide for dissecting animals, beginning with the earthworm and progressing to more complex anatomies such as grasshopper, starfish, perch, and ultimately a fetal pig. Includes a chapter on dissecting flowers. 0aDissectionxJuvenile literature.9182781 1aDissection.9182782 1aAnatomy.9182783 2ddccBK c61284d61284 00102ddc40718NFICaRUCLbRUCLcReadingd1988-06-09eMannan g5.67l0o591.4078 BEH 1986r2017-01-16 00:00:00tC-1w2017-01-16yBK 00102ddc40708NFICaRUCLbRUCLcStackd1985-12-09eTappan g6.95l0o591.4078 BEH 1986r2017-03-20 00:00:00tC-2w2017-03-20yBK